| 000 | 01319njm a2200313Ia 4500 | ||
|---|---|---|---|
| 001 | E4093 | ||
| 003 | IT-RoPAU | ||
| 005 | 20220918181151.0 | ||
| 008 | 131025s9999 xx 000 0 und d | ||
| 040 | _aIT-RoPAU | ||
| 040 | _cIT-RoPAU | ||
| 041 | _aITALIANO | ||
| 999 |
_c102166 _d102166 |
||
| 999 | _bn.d. | ||
| 100 |
_aAnselmi Daniele _929755 |
||
| 100 |
_eAutore musica _931671 |
||
| 100 |
_gCodice autore musica SPICS: 40135 _929757 |
||
| 245 | _aAlla cena del Signore | ||
| 250 | _a1a ed. | ||
| 260 | _aROMA | ||
| 260 |
_bEP - MUSICALI E DISCOGRAFICHE _c1996 [1a Ed.:1996 - Ed. Lingua Orig.: 1996] |
||
| 300 | _aMUSICASSETTA | ||
| 500 | _aMusica religiosa. Canti eucaristici. | ||
| 505 | _aChiesa di Cristo - Celebriamo tutti insieme - Con gioia andiamo - Alzerò il calice - Benedetto sei tu Signore - Per noi - Ora alla cena - Beato chi mangia il tuo pane - Un solo pane, un solo corpo - Resta con noi - Con amore infinito - Ubi caritas - Adoriamo il mistero - Adoremus Dominum. | ||
| 650 |
_aCANTI EUCARISTI [CASSETTE] _eCodice MATERIA SPICS: 9951 _931672 |
||
| 700 |
_aParisi Antonio _gCodice autore -SPICS: 35389 _eAutore _931673 |
||
| 700 |
_aTuroldo David Maria _eAutore testo _gCodice autore testo SPICS: 28043 _931674 |
||
| 700 |
_aParisi Antonio _eInterprete _gCodice interprete SPICS: 35389 _931675 |
||
| 942 |
_cMC _2ddc |
||